<?xml version="1.0" encoding="UTF-8"?>
<record
    xmlns:xsi="http://www.w3.org/2001/XMLSchema-instance"
    xsi:schemaLocation="http://www.loc.gov/MARC21/slim http://www.loc.gov/standards/marcxml/schema/MARC21slim.xsd"
    xmlns="http://www.loc.gov/MARC21/slim">

  <leader>00945nam a2200229 a 4500</leader>
  <controlfield tag="001">38268</controlfield>
  <controlfield tag="003">BD-RjUL</controlfield>
  <controlfield tag="005">20211209052748.0</controlfield>
  <controlfield tag="008">151025r19611954ii ||||| |||| 00| 0 ben d</controlfield>
  <datafield tag="035" ind1=" " ind2=" ">
    <subfield code="a">(BD-RjUL)38373</subfield>
  </datafield>
  <datafield tag="040" ind1=" " ind2=" ">
    <subfield code="a">BD-RjUL</subfield>
    <subfield code="b">ben</subfield>
    <subfield code="c">BD-RjUL</subfield>
  </datafield>
  <datafield tag="041" ind1=" " ind2=" ">
    <subfield code="a">ben</subfield>
  </datafield>
  <datafield tag="082" ind1=" " ind2=" ">
    <subfield code="a">891.4409</subfield>
    <subfield code="b">BIR 1961</subfield>
  </datafield>
  <datafield tag="100" ind1=" " ind2=" ">
    <subfield code="a">&#x9AC;&#x9BF;&#x9B6;&#x9C0;, &#x9AA;&#x9CD;&#x9B0;&#x9AE;&#x9A5;&#x9A8;&#x9BE;&#x9A5; </subfield>
    <subfield code="9">118298</subfield>
  </datafield>
  <datafield tag="245" ind1=" " ind2=" ">
    <subfield code="a">&#x9B0;&#x9AC;&#x9C0;&#x9A8;&#x9CD;&#x9A6;&#x9CD;&#x9B0; &#x9AC;&#x9BF;&#x99A;&#x9BF;&#x9A4;&#x9CD;&#x9B0;&#x9BE; /</subfield>
    <subfield code="c">&#x9AA;&#x9CD;&#x9B0;&#x9AE;&#x9A5;&#x9A8;&#x9BE;&#x9A5; &#x9AC;&#x9BF;&#x9B6;&#x9C0;</subfield>
  </datafield>
  <datafield tag="260" ind1=" " ind2=" ">
    <subfield code="a">&#x995;&#x9B2;&#x9BF;&#x995;&#x9BE;&#x9A4;&#x9BE; :</subfield>
    <subfield code="b">&#x993;&#x9B0;&#x9BF;&#x9AF;&#x9BC;&#x9C7;&#x9A3;&#x9CD;&#x99F; &#x9AC;&#x9C1;&#x995; &#x995;&#x9CB;&#x9AE;&#x9CD;&#x9AA;&#x9BE;&#x9A8;&#x9BF;,</subfield>
    <subfield code="c">&#x9E7;&#x9EF;&#x9EB;&#x9EA; [&#x9AA;&#x9CD;&#x9B0;&#x995;&#x9BE;&#x9B6; &#x9E7;&#x9EF;&#x9EC;&#x9E7;]</subfield>
  </datafield>
  <datafield tag="300" ind1=" " ind2=" ">
    <subfield code="a">&#x9E8;&#x9EA;&#x9E8; &#x9AA;&#x9C3;. :</subfield>
    <subfield code="c">&#x9E8;&#x9E8; &#x9B8;&#x9C7;&#x9AE;&#x9BF;.</subfield>
  </datafield>
  <datafield tag="500" ind1=" " ind2=" ">
    <subfield code="a">&#x9A8;&#x9BF;&#x9B0;&#x9CD;&#x998;&#x9A8;&#x9CD;&#x99F; &#x9B8;&#x982;&#x9AF;&#x9C1;&#x995;&#x9CD;&#x9A4;</subfield>
  </datafield>
  <datafield tag="650" ind1=" " ind2=" ">
    <subfield code="a"> &#x9AC;&#x9BE;&#x982;&#x9B2;&#x9BE; &#x9B8;&#x9BE;&#x9B9;&#x9BF;&#x9A4;&#x9CD;&#x9AF; </subfield>
    <subfield code="x">&#x987;&#x9A4;&#x9BF;&#x9B9;&#x9BE;&#x9B8; &#x993; &#x9B8;&#x9AE;&#x9BE;&#x9B2;&#x9CB;&#x99A;&#x9A8;&#x9BE;</subfield>
    <subfield code="9">118060</subfield>
  </datafield>
  <datafield tag="650" ind1=" " ind2=" ">
    <subfield code="a">Bengali literary</subfield>
    <subfield code="x">History and criticism</subfield>
    <subfield code="9">118299</subfield>
  </datafield>
  <datafield tag="942" ind1=" " ind2=" ">
    <subfield code="2">ddc</subfield>
    <subfield code="c">BK</subfield>
  </datafield>
  <datafield tag="999" ind1=" " ind2=" ">
    <subfield code="c">38268</subfield>
    <subfield code="d">38268</subfield>
  </datafield>
  <datafield tag="952" ind1=" " ind2=" ">
    <subfield code="0">0</subfield>
    <subfield code="1">0</subfield>
    <subfield code="2">ddc</subfield>
    <subfield code="4">0</subfield>
    <subfield code="7">0</subfield>
    <subfield code="8">NFIC</subfield>
    <subfield code="a">RUCL</subfield>
    <subfield code="b">RUCL</subfield>
    <subfield code="c">Stack</subfield>
    <subfield code="d">1963-04-29</subfield>
    <subfield code="e">Kamla book</subfield>
    <subfield code="g">5.50</subfield>
    <subfield code="l">2</subfield>
    <subfield code="o">B 891.4409 BIR 1961</subfield>
    <subfield code="r">2026-05-12 15:51:22</subfield>
    <subfield code="s">2026-05-06</subfield>
    <subfield code="t">C-2</subfield>
    <subfield code="w">2021-12-09</subfield>
    <subfield code="y">BK</subfield>
  </datafield>
  <datafield tag="952" ind1=" " ind2=" ">
    <subfield code="0">0</subfield>
    <subfield code="1">0</subfield>
    <subfield code="2">ddc</subfield>
    <subfield code="4">0</subfield>
    <subfield code="7">1</subfield>
    <subfield code="8">NFIC</subfield>
    <subfield code="a">RUCL</subfield>
    <subfield code="b">RUCL</subfield>
    <subfield code="c">Reading</subfield>
    <subfield code="d">1973-06-01</subfield>
    <subfield code="e">Uttorbango Library</subfield>
    <subfield code="g">5.50</subfield>
    <subfield code="l">0</subfield>
    <subfield code="o">B 891.4409 BIR 1961</subfield>
    <subfield code="r">2021-11-04 00:00:00</subfield>
    <subfield code="t">C-1</subfield>
    <subfield code="w">2021-12-09</subfield>
    <subfield code="y">BK</subfield>
  </datafield>
</record>
